Presente progresivo gerundios - Statistics

General Stats
  • This quiz has been taken 13 times
  • The average score is 21 of 28
Answer Stats
Hint Answer % Correct
bañar bañando
100%
beber bebiendo
100%
cantar cantando
100%
comer comiendo
100%
hablar hablando
100%
hacer haciendo
100%
mirar mirando
100%
vivir viviendo
100%
acostar acostando
86%
escribir escribiendo
86%
jugar jugando
86%
tener teniendo
86%
creer creyendo
71%
leer leyendo
71%
pedir pidiendo
71%
servir sirviendo
71%
traer trayendo
71%
ver viendo
71%
decir diciendo
57%
dormir durmiendo
57%
morir muriendo
57%
oír oyendo
57%
preferir prefiriendo
57%
repetir repitiendo
57%
seguir siguiendo
57%
venir viniendo
57%
reír riendo
43%
vestirse vistiéndose
29%
No matching quizzes found
Score Distribution
Percent of People with Each Score
Percentile by Number Answered
Your Score History
You have not taken this quiz